000 00755nam a22002297a 4500
005 20100809151147.0
010 _aENG-99180
020 _a8177355198
_c50.00
035 _aEN-82712
037 _bDBAD/PUB
082 _a374.4
100 _aRavi, P.
_911034
245 _aDistance education development /
_cby Ravi, P.
260 _aChennai
_bPavai Publications
_c2008
270 _a142,Jani Jan Khan Road,Royapettah
_bChennai
_e600014
300 v _a100p.
_c20cm (pbk)
500 _aIncludes bibliographical referencse
700 _98297
700 _98298
942 _2ddc
_cEN
_h374.4
_mRAV
999 _c40397
_d40397